[Event "Plaisance Ferme de L'Houme Op-B 4th"]
[Site "?"]
[Date "2020.02.09"]
[Round "4.5"]
[White "SCHOETTLER, Michael"]
[Black "BONNET, Aurelien"]
[Result "0-1"]
[WhiteElo "1425"]
[BlackElo "1358"]
[PlyCount "86"]
[EventDate "2020.??.??"]
[SourceVersionDate "2020.03.28"]

1. e4 e5 2. Nf3 Nc6 3. Bb5 a6 4. Bxc6 dxc6 5. O-O Bg4 6. Nc3 Bd6 7. h3 h5 8. d3
Qf6 9. Bg5 Bxf3 10. Bxf6 Bxd1 11. Bxg7 Rh7 12. Bxe5 Bxe5 13. Raxd1 O-O-O 14. f4
Bd4+ 15. Kh1 Nf6 16. g3 Rg7 17. Kh2 b5 18. Rb1 Bxc3 19. bxc3 Nxe4 20. Rg1 Nd2
21. Rbf1 Nxf1+ 22. Rxf1 Rgg8 23. Kg2 Rde8 24. Kf3 f5 25. a4 Kd7 26. c4 Re6 27.
cxb5 cxb5 28. axb5 axb5 29. Rb1 Rb6 30. Rb4 c5 31. Rb1 Kc6 32. Ra1 Kb7 33. Re1
Rbg6 34. Rg1 h4 35. g4 fxg4+ 36. hxg4 h3 37. Rh1 Rxg4 38. Rxh3 Rg2 39. Rh7+ Kc6
40. Rh6+ R8g6 41. Rxg6+ Rxg6 42. f5 Rf6 43. Kf4 Kd5 0-1

[Event "Plaisance Ferme de L'Houme Op-B 4th"]
[Site "?"]
[Date "2020.02.09"]
[Round "4.9"]
[White "PARPINEL, Mario"]
[Black "CONTIE, Lilio"]
[Result "0-1"]
[WhiteElo "1489"]
[BlackElo "1292"]
[PlyCount "72"]
[EventDate "2020.??.??"]
[SourceVersionDate "2020.03.28"]

1. e4 d5 2. exd5 Qxd5 3. Nc3 Qa5 4. Bc4 Nf6 5. Nge2 Bf5 6. d3 e6 7. Bd2 c6 8.
O-O Bd6 9. Ne4 Qc7 10. Nxd6+ Qxd6 11. Bf4 Qc5 12. a3 Bg4 13. Be3 Qe5 14. c3 O-O
15. Qc2 Bf5 16. Bd4 Qd6 17. Ng3 Bg6 18. Rae1 Re8 19. b4 b5 20. Bb3 e5 21. Bxe5
Rxe5 22. Rxe5 Qxe5 23. Qd2 Nbd7 24. Re1 Qd6 25. d4 Nb6 26. Qe2 Qd7 27. Qa2 Re8
28. Re2 Ne4 29. Nxe4 Rxe4 30. Rxe4 Bxe4 31. Qe2 Bf5 32. Qf3 Be6 33. Bc2 Nc4 34.
Qh5 h6 35. a4 Qd5 36. Qe2 Bf5 0-1

[Event "Plaisance Ferme de L'Houme Op-B 4th"]
[Site "?"]
[Date "2020.02.09"]
[Round "4.12"]
[White "MAZIARZ, Antoine"]
[Black "MONTEUIL, Damien"]
[Result "0-1"]
[WhiteElo "1226"]
[BlackElo "1436"]
[PlyCount "72"]
[EventDate "2020.??.??"]
[SourceVersionDate "2020.03.30"]

1. d4 d5 2. c4 e6 3. Nf3 Nf6 4. g3 c6 5. Bg2 Be7 6. O-O O-O 7. Qc2 Nbd7 8. b3
b6 9. Bf4 Re8 10. Rd1 Nf8 11. Ne5 Bb7 12. e4 dxe4 13. Bxe4 Nxe4 14. Qxe4 Qc8
15. Nc3 Bb4 16. Rac1 Rd8 17. d5 Bxc3 18. Rxc3 cxd5 19. Qe3 dxc4 20. Rdc1 Re8
21. Rxc4 Qd8 22. Rc7 Qd5 23. f3 f6 24. Ng4 Qxf3 25. Qxf3 Bxf3 26. Nf2 e5 27.
Bd2 Ne6 28. R7c3 Nd4 29. Rxf3 Nxf3+ 30. Kg2 Nxd2 31. Rd1 Rad8 32. Rc1 e4 33.
Nxe4 Rxe4 34. Kf2 Rde8 35. g4 Re2+ 36. Kg3 R8e3+ 0-1

[Event "Plaisance Ferme de L'Houme Op-B 4th"]
[Site "?"]
[Date "2020.02.09"]
[Round "4.18"]
[White "NGUYEN, Sohayb"]
[Black "MAZIARZ, Martin"]
[Result "1-0"]
[WhiteElo "1248"]
[BlackElo "1229"]
[PlyCount "117"]
[EventDate "2020.??.??"]
[SourceVersionDate "2020.03.30"]

1. e4 c5 2. Nf3 Nc6 3. d4 cxd4 4. Nxd4 g6 5. Be3 Bg7 6. Nc3 e6 7. Qd2 a6 8. f3
b5 9. g4 Bb7 10. h4 h6 11. O-O-O Qa5 12. Nb3 Qc7 13. Nc5 Rd8 14. h5 g5 15. f4
gxf4 16. Bxf4 Be5 17. Bxe5 Nxe5 18. Qf4 Qxc5 19. Be2 Bc6 20. Rhf1 b4 21. Nd5
Bb5 22. Bxb5 axb5 23. Nf6+ Ke7 24. Nd5+ Kf8 25. Qxe5 Rc8 26. Rd2 exd5 27. Qxh8
dxe4 28. Qh7 Qc4 29. Rdf2 Nf6 30. Qxh6+ Ke8 31. Qxf6 e3 32. Qe5+ Qe6 33. Qxe6+
dxe6 34. Re2 b3 35. axb3 Ra8 36. Kb1 Rd8 37. Rxe3 Rd4 38. h6 Rxg4 39. Rh3 Rg8
40. h7 Rh8 41. Rg1 Kf8 42. Rg8+ Rxg8 43. hxg8=Q+ Kxg8 44. Kc1 Kf8 45. Kd2 Ke7
46. Ke3 e5 47. Ke4 Ke6 48. Rh6+ f6 49. c4 bxc4 50. bxc4 Kf7 51. Kf5 Kg7 52.
Rxf6 e4 53. Re6 Kf7 54. Rxe4 Kg7 55. c5 Kh6 56. c6 Kh5 57. c7 Kh6 58. c8=Q Kh5
59. Qh8# 1-0

[Event "Plaisance Ferme de L'Houme Op-B 4th"]
[Site "?"]
[Date "2020.02.09"]
[Round "4.23"]
[White "CONTIE, Yohan"]
[Black "BLOND, Jerome"]
[Result "1-0"]
[WhiteElo "1199"]
[BlackElo "1351"]
[PlyCount "55"]
[EventDate "2020.??.??"]
[SourceVersionDate "2020.03.31"]

1. e4 e5 2. Nf3 Nc6 3. Nc3 Nf6 4. a3 d6 5. d4 exd4 6. Nxd4 Bd7 7. Bc4 Be7 8.
O-O O-O 9. Re1 a6 10. Bg5 Ne5 11. Ba2 c5 12. Nf3 Bg4 13. h3 Bxf3 14. gxf3 h6
15. Bf4 Nh5 16. Bg3 Bg5 17. Nd5 Ng6 18. c3 Kh8 19. b4 Qc8 20. Kh2 Qd8 21. Rb1
f5 22. exf5 Rxf5 23. Re6 Ngf4 24. Nxf4 Bxf4 25. Bxf4 Rxf4 26. Rxd6 Qc7 27. Rd7
Rd4+ 28. Rxc7 1-0

[Event "Plaisance Ferme de L'Houme Op-B 4th"]
[Site "?"]
[Date "2020.02.09"]
[Round "4.24"]
[White "CHANTHAVONGSA, Nouaym"]
[Black "FALIK, Charles"]
[Result "0-1"]
[WhiteElo "1299"]
[BlackElo "1225"]
[PlyCount "36"]
[EventDate "2020.??.??"]
[SourceVersionDate "2020.03.31"]

1. d4 d5 2. c4 e6 3. Nf3 Nf6 4. Bg5 Be7 5. e3 Ne4 6. Bxe7 Qxe7 7. cxd5 exd5 8.
Nc3 Nf6 9. Bd3 O-O 10. O-O c5 11. dxc5 Qxc5 12. Rc1 Nc6 13. Nd4 Nxd4 14. exd4
Qd6 15. Nb5 Qf4 16. Re1 Ng4 17. g3 Qxf2+ 18. Kh1 Qxh2# 0-1

[Event "Plaisance Ferme de L'Houme Op-B 4th"]
[Site "?"]
[Date "2020.02.09"]
[Round "4.30"]
[White "REINAGEL, Christine"]
[Black "CERONI, Pascal"]
[Result "1-0"]
[WhiteElo "1117"]
[BlackElo "1136"]
[PlyCount "47"]
[EventDate "2020.??.??"]
[SourceVersionDate "2020.03.31"]

1. e4 c6 2. d4 d5 3. exd5 cxd5 4. Bb5+ Nc6 5. Nf3 a6 6. Bxc6+ bxc6 7. Ne5 Qd6
8. Qf3 Nf6 9. Bf4 Qb4+ 10. Nd2 Qxd4 11. c3 Qc5 12. b4 Qd6 13. O-O Bf5 14. Nxf7
Qd7 15. Nxh8 Bg4 16. Qe3 e6 17. h3 Bf5 18. Rfe1 Ne4 19. Nxe4 Bxe4 20. Rad1 h6
21. Ng6 Qf7 22. Ne5 Qd7 23. Nxd7 Kxd7 24. Qb6 1-0

[Event "Plaisance Ferme de L'Houme Op-B 4th"]
[Site "?"]
[Date "2020.02.09"]
[Round "5.1"]
[White "FESIGNY, Oceane"]
[Black "MARIAME, Bernard"]
[Result "1/2-1/2"]
[WhiteElo "1426"]
[BlackElo "1399"]
[PlyCount "88"]
[EventDate "2020.??.??"]
[SourceVersionDate "2020.04.01"]

1. e4 e6 2. d4 d5 3. exd5 exd5 4. Bd3 Nf6 5. c3 Bd6 6. Be3 O-O 7. h3 Re8 8. Ne2
Nc6 9. O-O Ne7 10. Bf4 Nf5 11. Bg5 h6 12. Bxf5 Bxf5 13. Bxf6 Qxf6 14. Ng3 Bg6
15. Nd2 Qg5 16. Nf3 Qf4 17. Qc1 Qf6 18. Re1 h5 19. Qg5 Bxg3 20. Qxf6 Bxf2+ 21.
Kxf2 gxf6 22. Nd2 Re6 23. Re3 Rae8 24. Rae1 Kg7 25. Nf3 Rxe3 26. Rxe3 Rxe3 27.
Kxe3 Be4 28. Kf4 b6 29. b4 b5 30. Nh4 Kf8 31. g3 Ke8 32. Nf3 Ke7 33. h4 Ke6 34.
Nd2 Bc2 35. Nf1 Bd3 36. Ne3 Be4 37. Nd1 Bb1 38. a3 Bc2 39. Ne3 Be4 40. Nf1 Bd3
41. Nd2 Bc2 42. Nf3 Be4 43. Ne1 Bb1 44. Nf3 Be4 1/2-1/2

[Event "Plaisance Ferme de L'Houme Op-B 4th"]
[Site "?"]
[Date "2020.02.09"]
[Round "5.2"]
[White "BONNET, Aurelien"]
[Black "BARRAU, Leanna"]
[Result "0-1"]
[WhiteElo "1358"]
[BlackElo "1408"]
[PlyCount "75"]
[EventDate "2020.??.??"]
[SourceVersionDate "2020.04.01"]

1. e4 c5 2. Nf3 g6 3. d4 cxd4 4. Nxd4 Bg7 5. Nc3 Nc6 6. Nb3 Nf6 7. Bg5 O-O 8.
Qd2 d6 9. Be2 a6 10. Bh6 b5 11. Bxg7 Kxg7 12. Bf3 Bb7 13. O-O-O Qc7 14. h4 Ne5
15. Nd5 Bxd5 16. exd5 Rfc8 17. Qe2 Qc4 18. Qxc4 Rxc4 19. Be2 Rc7 20. f4 Neg4
21. Bxg4 Nxg4 22. Rd2 h5 23. Nd4 Ne3 24. Re1 Nxd5 25. Nxb5 axb5 26. Rxd5 Rxa2
27. Rxb5 Ra1+ 28. Kd2 Rxe1 29. Kxe1 Rxc2 30. g3 Kf6 31. Rb7 Ke6 32. b4 Rg2 33.
b5 Rxg3 34. Kd2 Rb3 35. Kc2 Rb4 36. b6 Kf6 37. Kc3 Rxf4 38. Rc7 0-1

[Event "Plaisance Ferme de L'Houme Op-B 4th"]
[Site "?"]
[Date "2020.02.09"]
[Round "5.3"]
[White "MORENO-CHABOT, Clement"]
[Black "COUET, Justin"]
[Result "1-0"]
[WhiteElo "1380"]
[BlackElo "1343"]
[PlyCount "61"]
[EventDate "2020.??.??"]
[SourceVersionDate "2020.04.01"]

1. d4 g6 2. c4 Bg7 3. Nc3 d6 4. e4 Nf6 5. Be2 O-O 6. Be3 Nbd7 7. h3 c5 8. d5
Qb6 9. Qc2 Ne5 10. f4 Ned7 11. Nf3 e6 12. O-O-O exd5 13. exd5 Qd8 14. g4 Re8
15. Bf2 Qe7 16. f5 Nxg4 17. hxg4 Bxc3 18. Qxc3 Qxe2 19. Rde1 Qxf2 20. Rxe8+ Nf8
21. Ng5 Qf4+ 22. Qd2 Qxc4+ 23. Kd1 Qxg4+ $4 24. Re2 Bxf5 25. Qe3 Qd4+ 26. Qxd4
cxd4 27. Re7 f6 28. Nxh7 Nxh7 29. Rexh7 Rc8 30. Rh8+ Kf7 31. R1h7# 1-0

[Event "Plaisance Ferme de L'Houme Op-B 4th"]
[Site "?"]
[Date "2020.02.09"]
[Round "5.4"]
[White "MONTEUIL, Damien"]
[Black "PERROUIN, Alexian"]
[Result "1-0"]
[WhiteElo "1436"]
[BlackElo "1559"]
[PlyCount "113"]
[EventDate "2020.??.??"]
[SourceVersionDate "2020.04.01"]

1. e4 c6 2. d4 d5 3. exd5 cxd5 4. Bd3 Nf6 5. Nf3 Bg4 6. Bf4 e6 7. Nbd2 Nc6 8.
c3 Bd6 9. Bxd6 Qxd6 10. O-O O-O 11. Qc2 Rac8 12. a3 h6 13. Rad1 a6 14. Rde1
Bxf3 15. Nxf3 Ng4 16. Qe2 Rfe8 17. Bb1 Nf6 18. Ne5 Nd7 19. f4 Nf8 20. Qh5 f5
21. Qf7+ Kh8 22. Qxe8 $1 Rxe8 23. Nf7+ Kg8 24. Nxd6 Rb8 25. Rd1 b5 26. Bd3 Na7
27. Ra1 Rb6 28. Ne8 Kf7 29. Nc7 Rc6 30. Nxb5 axb5 31. Bxb5 Rb6 32. a4 Nc8 33.
b4 Nd6 34. Bd3 Ke7 35. a5 Rb8 36. a6 Nd7 37. Rfb1 Nb6 38. a7 Ra8 39. Ra6 Ndc8
40. Rba1 Kd7 41. R1a5 Kc7 42. Rc5+ Kb7 43. Bb5 Nxa7 44. Ra5 Rd8 45. Ba6+ Kb8
46. Ra3 Nd7 47. Rca5 Nb6 48. Bb5 Nac8 49. Bc6 Nd6 50. Bb5 Ndc8 51. Be2 Nd6 52.
Ra7 Nd7 53. Ra8+ Kc7 54. Rxd8 Kxd8 55. Ra8+ Ke7 56. b5 Nf6 57. Ra7+ 1-0

[Event "Plaisance Ferme de L'Houme Op-B 4th"]
[Site "?"]
[Date "2020.02.09"]
[Round "5.5"]
[White "ROUMEGUERE, Gabin"]
[Black "LECHENE, Yannick"]
[Result "1/2-1/2"]
[WhiteElo "1309"]
[BlackElo "1550"]
[PlyCount "128"]
[EventDate "2020.??.??"]
[SourceVersionDate "2020.04.01"]

1. e4 c6 2. d4 d5 3. Nc3 dxe4 4. Nxe4 Nd7 5. Nf3 Ngf6 6. Bd3 Nxe4 7. Bxe4 Nf6
8. Bd3 Bf5 9. c3 Bxd3 10. Qxd3 e6 11. Bf4 Bd6 12. Bxd6 Qxd6 13. O-O O-O 14. Qe2
Rad8 15. Rfd1 Qc7 16. Qc2 c5 17. dxc5 Qxc5 18. Qb3 b6 19. Qa4 a5 20. Qc2 h6 21.
h3 Nd5 22. Rd2 Nf4 23. Rad1 Rxd2 24. Qxd2 Qf5 25. Qd6 Nxh3+ 26. gxh3 Qxf3 27.
Rd3 Qf5 28. Qd4 e5 29. Qe3 Qg5+ 30. Qxg5 hxg5 31. Rd5 f6 32. Rd6 Rb8 33. c4 Rc8
34. Rxb6 Rxc4 35. Rb5 a4 36. b3 Rc3 37. bxa4 Rxh3 38. Rb3 Rh4 39. Ra3 Kf7 40.
a5 Ke7 41. a6 Rh8 42. Rb3 Ra8 43. Rb7+ Kd6 44. a7 g6 45. Rg7 Ke6 46. Rb7 f5 47.
Rb6+ Kd5 48. Rxg6 Rxa7 49. Rxg5 Ke4 50. Kg2 Rxa2 51. Rg3 f4 52. Rb3 Rd2 53. Ra3
Rd3 54. Ra4+ Kf5 55. Ra5 f3+ 56. Kg3 Ke4 57. Ra4+ Kd5 58. Ra5+ Kd4 59. Ra4+ Kc3
60. Re4 Rd5 61. Kxf3 Kd3 62. Ra4 Rd4 63. Ra3+ Kc4 64. Ra4+ Kd5 1/2-1/2

[Event "Plaisance Ferme de L'Houme Op-B 4th"]
[Site "?"]
[Date "2020.02.09"]
[Round "5.8"]
[White "TAILLEPIE, Adeline"]
[Black "ODONI-RUFFENACH, Yann"]
[Result "1-0"]
[WhiteElo "1230"]
[BlackElo "1469"]
[PlyCount "49"]
[EventDate "2020.??.??"]
[SourceVersionDate "2020.04.01"]

1. d4 Nf6 2. c4 e6 3. Nc3 Bb4 4. Qc2 b6 5. e4 Bb7 6. Bd3 c5 7. d5 exd5 8. cxd5
O-O 9. Nge2 Re8 10. f3 d6 11. O-O Nbd7 12. a3 Ba5 13. Bf4 Qc7 14. Nb5 Qd8 15.
Nxd6 Rb8 16. Nxe8 Qxe8 17. Bxb8 Qxb8 18. f4 Ng4 19. Rf3 g5 20. h3 gxf4 21. hxg4
b5 22. Bxb5 Nf6 23. Rxf4 Qe5 24. Raf1 Bd8 25. Qc3 1-0

[Event "Plaisance Ferme de L'Houme Op-B 4th"]
[Site "?"]
[Date "2020.02.09"]
[Round "5.27"]
[White "GRIMAULT, Stephanie"]
[Black "POCHET, Frederic"]
[Result "0-1"]
[WhiteElo "1233"]
[BlackElo "1199"]
[PlyCount "82"]
[EventDate "2020.??.??"]
[SourceVersionDate "2020.04.02"]

1. c4 Nf6 2. g3 g6 3. Bg2 Bg7 4. Nf3 c5 5. O-O Nc6 6. Nc3 O-O 7. e3 d6 8. d4
Bg4 9. d5 Ne5 10. b3 Ne4 11. Nxe4 Nxf3+ 12. Bxf3 Bxf3 13. Qxf3 Bxa1 14. Ng5 Bg7
15. Qe2 h6 16. Nf3 Qd7 17. Kg2 a6 18. Bb2 b5 19. Bxg7 Kxg7 20. Nd2 b4 21. e4 a5
22. e5 a4 23. Ra1 Qf5 24. exd6 exd6 25. bxa4 Rxa4 26. Nf3 b3 27. Qb2+ Qf6 28.
Qxb3 Rfa8 29. Re1 Rxa2 30. Qd1 Qb2 31. Rf1 Re8 32. Ne1 Re2 33. Nd3 Qd2 34. Qb3
Qc2 35. Qxc2 Raxc2 36. Kf3 Kf6 37. h4 Re7 38. Rc1 Rxc1 39. Nxc1 Ra7 40. Nb3 Ra3
41. Ke4 Rxb3 0-1

[Event "Plaisance Ferme de L'Houme Op-B 4th"]
[Site "?"]
[Date "2020.02.09"]
[Round "5.29"]
[White "COURDIL, Romain"]
[Black "BERRAD, Tarik"]
[Result "1-0"]
[WhiteElo "1099"]
[BlackElo "1199"]
[PlyCount "89"]
[EventDate "2020.??.??"]
[SourceVersionDate "2020.04.02"]

1. e3 e5 2. f4 e4 3. c4 Nf6 4. d3 Nc6 5. Nc3 Bb4 6. Bd2 exd3 7. Bxd3 O-O 8. Ne4
Nxe4 9. Bxe4 Re8 10. Qc2 Bxd2+ 11. Kxd2 d6 12. Bxh7+ Kf8 13. Bf5 Bxf5 14. Qxf5
Qe7 15. Re1 Nb4 16. a3 Nc6 17. Qh5 Kg8 18. Nf3 f6 19. Nh4 Qe4 20. Qg6 Qxg6 21.
Nxg6 a5 22. Rc1 Ra6 23. c5 dxc5 24. Rxc5 Rb6 25. Rb1 Rb3 26. Rc3 Rd8+ 27. Kc2
Rb5 28. Rd3 Rc5+ 29. Kd2 Re8 30. Rc1 Rb5 31. b3 Rd8 32. Rxd8+ Nxd8 33. Rxc7
Rxb3 34. Rc8 Rb2+ 35. Kc1 Rxg2 36. Rxd8+ Kf7 37. Nh8+ Ke6 38. Rb8 Rg1+ 39. Kd2
Rg2+ 40. Kd3 Rxh2 41. Ng6 Rg2 42. Nh4 Rg1 43. Rxb7 Rd1+ 44. Ke2 Rd6 45. Rxg7
1-0

[Event "Plaisance Ferme de L'Houme Op-B 4th"]
[Site "?"]
[Date "2020.02.09"]
[Round "5.31"]
[White "AUTHIER, Clea"]
[Black "BERRAD, Adam"]
[Result "1-0"]
[WhiteElo "1267"]
[BlackElo "1020"]
[PlyCount "74"]
[EventDate "2020.??.??"]
[SourceVersionDate "2020.04.03"]

1. e4 e5 2. Nf3 Nc6 3. Bc4 Bc5 4. d3 Nf6 5. Nc3 d6 6. h3 O-O 7. Bg5 h6 8. Bh4
Be6 9. Bxe6 fxe6 10. O-O Qe8 11. a3 Nh5 12. b4 Bb6 13. Na4 Nd4 14. Nxd4 Bxd4
15. c3 Bb6 16. Nxb6 axb6 17. Be7 Qxe7 18. Qxh5 Rf6 19. Ra2 Raf8 20. c4 R8f7 21.
Qh4 d5 22. cxd5 exd5 23. exd5 Qd6 24. Re2 Qxd5 25. Qg3 Rf5 26. Qg4 Rg5 27. Qe4
Qb3 28. Ra1 Qb2 29. Rxb2 c6 30. a4 c5 31. bxc5 bxc5 32. Rxb7 Rxb7 33. Qxb7 Rf5
34. Qc8+ Kh7 35. Qxf5+ Kg8 36. Re1 g6 37. Qxg6+ Kf8 1-0

[Event "Plaisance Ferme de L'Houme Op-B 4th"]
[Site "?"]
[Date "2020.02.09"]
[Round "5.32"]
[White "CADENAT, Yanis"]
[Black "CERONI, Pascal"]
[Result "0-1"]
[WhiteElo "1199"]
[BlackElo "1126"]
[PlyCount "72"]
[EventDate "2020.??.??"]
[SourceVersionDate "2020.04.03"]

1. e4 c6 2. d4 d5 3. exd5 cxd5 4. Nf3 Nf6 5. Bb5+ Nc6 6. Ne5 Bd7 7. Bf4 a6 8.
Bxc6 bxc6 9. O-O e6 10. Nc3 Be7 11. a3 O-O 12. Qf3 Qb6 13. Rab1 Qxd4 14. Rbd1
Qa7 15. Qg3 Nh5 16. Qg4 Nxf4 17. Qxf4 a5 18. Rd3 Qc7 19. Qd4 c5 20. Qf4 g5 21.
Qg3 c4 22. Rf3 f6 23. Nxd7 Qxd7 24. h4 Kh8 25. hxg5 Rg8 26. Qh2 Rxg5 27. Qh4
Rag8 28. g3 Rg4 29. Qh3 e5 30. Kh2 d4 31. Ne2 f5 32. Qh5 R4g5 33. Qh3 Bd6 34.
Rg1 Qf7 35. g4 e4+ 36. Rf4 Bxf4+ 0-1

[Event "Plaisance Ferme de L'Houme Op-B 4th"]
[Site "?"]
[Date "2020.02.09"]
[Round "5.33"]
[White "ROULLEAUX, Nicolas"]
[Black "SAYAH, Nourine"]
[Result "1-0"]
[WhiteElo "1181"]
[BlackElo "1034"]
[PlyCount "81"]
[EventDate "2020.??.??"]
[SourceVersionDate "2020.04.03"]

1. d4 d5 2. e3 Nf6 3. Nf3 Bg4 4. Nbd2 Nc6 5. h3 Bh5 6. Bd3 e6 7. c4 Bg6 8. Qb3
Bxd3 9. Qxd3 Nb4 10. Qb3 b6 11. cxd5 Qxd5 12. Nc4 Bd6 13. a3 Nc6 14. O-O Ne4
15. Qd3 f5 16. Nxd6+ Qxd6 17. b3 h6 18. a4 Qd5 19. Ba3 g5 20. Qa6 h5 21. Rab1
h4 22. Ne1 Nd2 23. Qb7 Qd7 24. Qxa8+ Nd8 25. Nd3 Qc6 26. Qxc6+ Nxc6 27. Rbc1
Nxf1 28. Kxf1 Kd7 29. Bb2 Rg8 30. f3 a5 31. Rc2 Nb4 32. Ne5+ Kd6 33. Rd2 g4 34.
fxg4 fxg4 35. Nxg4 Nd5 36. Ba3+ Kc6 37. Rc2+ Kb7 38. Ke2 Rg6 39. Kd3 Kc8 40.
Rf2 Kd7 41. Ne5+ 1-0

[Event "Plaisance Ferme de L'Houme Op-B 4th"]
[Site "?"]
[Date "2020.02.09"]
[Round "5.34"]
[White "COURDIL, Julien"]
[Black "CHARRUYER, Baptiste"]
[Result "0-1"]
[WhiteElo "1099"]
[BlackElo "1408"]
[PlyCount "46"]
[EventDate "2020.??.??"]
[SourceVersionDate "2020.04.03"]

1. e4 e6 2. Nc3 Bb4 3. a3 Bxc3 4. bxc3 d5 5. d4 c5 6. Qg4 Ne7 7. Qxg7 Rg8 8.
Qxh7 dxe4 9. h4 Qd5 10. Qh6 Nbc6 11. Bg5 cxd4 12. c4 Qa5+ 13. Bd2 Qe5 14. Ne2
d3 15. Bf4 Qxa1+ 16. Kd2 dxe2 17. Bxe2 Qxh1 18. Bh5 Rf8 19. Bg5 Qxg2 20. Bxe7
Qxf2+ 21. Kc3 Qd4+ 22. Kb3 Na5+ 23. Kb4 Qxc4+ 0-1

[Event "Plaisance Ferme de L'Houme Op-B 4th"]
[Site "?"]
[Date "2020.02.09"]
[Round "6.1"]
[White "MARIAME, Bernard"]
[Black "MORENO-CHABOT, Clement"]
[Result "1-0"]
[WhiteElo "1399"]
[BlackElo "1380"]
[PlyCount "81"]
[EventDate "2020.??.??"]
[SourceVersionDate "2020.04.05"]

1. d4 Nf6 2. Bf4 e6 3. Nf3 b6 4. e3 Bb7 5. Nbd2 c5 6. c3 Be7 7. Bd3 d5 8. Ne5
Nbd7 9. Qa4 O-O 10. Nc6 Bxc6 11. Qxc6 Qc8 12. Qa4 a6 13. Qd1 c4 14. Bc2 Qb7 15.
O-O b5 16. a3 Rfd8 17. Qf3 Nf8 18. e4 Ng6 19. e5 Nd7 20. Qh5 Ndf8 21. Be3 a5
22. f4 Nh8 23. f5 exf5 24. Qxf5 Qd7 25. Qf3 Ne6 26. h4 Bxh4 27. Bf5 Be7 28. Qh3
g6 29. Bc2 Bg5 30. Bxg5 Nxg5 31. Qh6 Qg4 32. Nf3 Nxf3+ 33. Rxf3 Qe6 34. Rh3 Qg4
35. Qxh7+ Kf8 36. Qxh8+ Ke7 37. Qf6+ Kd7 38. Qxf7+ Kc8 39. Rh7 Rd7 40. Qe8+ Rd8
41. Qc6+ 1-0

[Event "Plaisance Ferme de L'Houme Op-B 4th"]
[Site "?"]
[Date "2020.02.09"]
[Round "6.2"]
[White "BARRAU, Leanna"]
[Black "GRIMAULT, Leane"]
[Result "1/2-1/2"]
[WhiteElo "1408"]
[BlackElo "1455"]
[PlyCount "146"]
[EventDate "2020.??.??"]
[SourceVersionDate "2020.04.05"]

1. d4 d5 2. Nf3 Nf6 3. Bf4 c5 4. c3 Nc6 5. h3 Qb6 6. Qb3 c4 7. Qxb6 axb6 8. e3
b5 9. Ne5 Nxe5 10. Bxe5 Nd7 11. Bf4 e6 12. a3 b4 13. cxb4 Bxb4+ 14. Nc3 Bxc3+
15. bxc3 b5 16. Be2 Ra6 17. Bf3 Nf6 18. Be5 Ke7 19. Kd2 Bb7 20. Rhb1 Bc6 21. g4
Rha8 22. g5 Ne8 23. h4 Rxa3 24. Rxa3 Rxa3 25. Rb2 f6 26. Bf4 Nd6 27. Rc2 Nb7
28. gxf6+ gxf6 29. Bc7 Kd7 30. Bb6 Rb3 31. Ra2 b4 32. cxb4 Rxb4 33. Bc5 Nxc5
34. dxc5 Ra4 35. Rxa4 Bxa4 36. Kc3 Kc6 37. Kb4 Bc2 38. Kc3 Bd3 39. Kb4 Bg6 40.
Bg2 Bd3 41. h5 h6 42. Bf3 f5 43. Bd1 e5 44. Ba4+ Kc7 45. Kc3 Be2 46. Be8 Bd3
47. Kb4 d4 48. exd4 exd4 49. Bb5 Be2 50. Bxc4 Bxh5 51. Bd3 Bg4 52. Bf1 Bf3 53.
Bh3 Be4 54. Kc4 d3 55. Kc3 Kc6 56. f3 Bxf3 57. Bxf5 h5 58. Bxd3 Kxc5 59. Bf1
Kd5 60. Kd3 Ke5 61. Ke3 Bg4 62. Bg2 Kf5 63. Kf2 Kg5 64. Kg3 h4+ 65. Kf2 Kf4 66.
Bf1 Bd1 67. Bh3 Bb3 68. Bg2 Kg4 69. Bf3+ Kh3 70. Bg2+ Kh2 71. Bf3 Be6 72. Bg2
Bg4 73. Bf3 Bd7 1/2-1/2

[Event "Plaisance Ferme de L'Houme Op-B 4th"]
[Site "?"]
[Date "2020.02.09"]
[Round "6.3"]
[White "FESIGNY, Oceane"]
[Black "MONTEUIL, Damien"]
[Result "1-0"]
[WhiteElo "1426"]
[BlackElo "1436"]
[PlyCount "83"]
[EventDate "2020.??.??"]
[SourceVersionDate "2020.04.05"]

1. e4 e5 2. Nf3 Nc6 3. Bc4 Bc5 4. d3 Nf6 5. Nc3 d6 6. Bg5 Na5 7. Bb3 Nxb3 8.
axb3 Be6 9. h3 a6 10. Ne2 O-O 11. Ng3 h6 12. Be3 Bxe3 13. fxe3 Qd7 14. Qe2 Qb5
15. O-O Qd7 16. Nh4 Qd8 17. Nhf5 Kh8 18. Qf3 g6 19. Nxd6 cxd6 20. Qxf6+ Qxf6
21. Rxf6 Rac8 22. Raf1 Kg7 23. R6f2 Rc6 24. d4 Bd7 25. d5 Rb6 26. h4 h5 27. Ne2
f6 28. Nc3 Bb5 29. Nxb5 Rxb5 30. Rf3 Rb4 31. g3 Rxe4 32. c4 b5 33. Ra1 bxc4 34.
bxc4 Rxc4 35. Rxa6 Rd8 36. Ra7+ Kh6 37. Rxf6 Rb4 38. Rff7 Rh8 39. Rfb7 Rxb7 40.
Rxb7 Rh7 41. Rxh7+ Kxh7 42. b4 1-0

[Event "Plaisance Ferme de L'Houme Op-B 4th"]
[Site "?"]
[Date "2020.02.09"]
[Round "6.4"]
[White "BARDIN, Michel"]
[Black "TAILLEPIE, Adeline"]
[Result "0-1"]
[WhiteElo "1328"]
[BlackElo "1230"]
[PlyCount "66"]
[EventDate "2020.??.??"]
[SourceVersionDate "2020.04.05"]

1. d4 Nf6 2. Bf4 d5 3. e3 Bg4 4. Be2 Bxe2 5. Qxe2 e6 6. Nd2 c5 7. c3 Nc6 8.
Ngf3 Qb6 9. Rb1 Be7 10. h3 Rc8 11. Ne5 cxd4 12. exd4 O-O 13. Bg5 Qc7 14. h4 h6
15. Bf4 Bd6 16. Ndf3 Ne4 17. c4 Nxd4 18. Nxd4 Bxe5 19. Bxe5 Qxe5 20. f3 Qxd4
21. fxe4 Qxe4 22. Qxe4 dxe4 23. b3 Rfd8 24. Ke2 Rd3 25. Rbd1 Rcd8 26. Rxd3 Rxd3
27. Rd1 Rxd1 28. Kxd1 f5 29. g3 g5 30. Ke2 f4 31. hxg5 hxg5 32. c5 Kf7 33. g4
Ke7 0-1

[Event "Plaisance Ferme de L'Houme Op-B 4th"]
[Site "?"]
[Date "2020.02.09"]
[Round "6.5"]
[White "LECHENE, Yannick"]
[Black "BONNET, Aurelien"]
[Result "1-0"]
[WhiteElo "1550"]
[BlackElo "1358"]
[PlyCount "129"]
[EventDate "2020.??.??"]
[SourceVersionDate "2020.04.05"]

1. d4 Nf6 2. c4 g6 3. f3 Bg7 4. e4 d6 5. Nc3 O-O 6. Be3 e5 7. d5 Nh5 8. Qd2 f5
9. exf5 gxf5 10. Bg5 Qe8 11. Bh6 f4 12. Bxg7 Nxg7 13. Bd3 Bf5 14. Nge2 Na6 15.
Ne4 Bxe4 16. Bxe4 Nc5 17. Bc2 Nf5 18. Bxf5 Rxf5 19. b4 Na6 20. O-O Rf7 21. Rae1
Qa4 22. Rb1 Rd8 23. Nc3 Qd7 24. Ne4 Qe7 25. Rfd1 Rg7 26. Qf2 b6 27. Qe2 Nb8 28.
a4 Nd7 29. Re1 Nf8 30. Nf2 h5 31. Ne4 Ng6 32. Rb2 Nh4 33. Qd3 Nf5 34. Ree2 h4
35. h3 Ne3 36. Rxe3 fxe3 37. Qxe3 Rf8 38. Re2 Rf4 39. b5 Qf7 40. Kh2 Qg6 41.
Rf2 Kh7 42. Kh1 Qf7 43. Qd3 Kh8 44. Kh2 a6 45. Qb3 axb5 46. cxb5 Qf8 47. Qc3
Qa8 48. Qc4 Qa5 49. Qc6 Rf8 50. Qc4 Rfg8 51. Nf6 Rxg2+ 52. Rxg2 Rxg2+ 53. Kxg2
Qd2+ 54. Kf1 Qh2 55. Qxh4+ Kg7 56. Ng4 Qf4 57. Qe7+ Kg6 58. Qe6+ Kg7 59. Qh6+
Qxh6 60. Nxh6 Kxh6 61. Kg2 Kg5 62. Kg3 Kh5 63. h4 Kg6 64. Kg4 Kf6 65. h5 1-0

[Event "Plaisance Ferme de L'Houme Op-B 4th"]
[Site "?"]
[Date "2020.02.09"]
[Round "6.14"]
[White "BENSUSSAN, Francois"]
[Black "CONTIE, Yohan"]
[Result "1-0"]
[WhiteElo "1436"]
[BlackElo "1199"]
[PlyCount "77"]
[EventDate "2020.??.??"]
[SourceVersionDate "2020.04.05"]

1. d4 d5 2. e4 e6 3. Be3 Nc6 4. e5 Nge7 5. Bd3 Nf5 6. Bxf5 exf5 7. c3 Be7 8.
Nf3 O-O 9. h4 h6 10. Qd2 Kh7 11. Na3 a6 12. O-O-O Na5 13. Ng5+ Kg8 14. Nf3 Kh7
15. Rdg1 Bxa3 16. bxa3 Nc4 17. Qd3 Qe7 18. Qc2 Qxa3+ 19. Kb1 Kg8 20. Bc1 Qe7
21. Ne1 f4 22. Nd3 Bf5 23. Ka1 Na3 24. Bxa3 Qxa3 25. Qc1 Qxc1+ 26. Nxc1 b5 27.
Ne2 Rfb8 28. Nxf4 c6 29. f3 b4 30. g4 b3 31. gxf5 bxa2 32. Kxa2 Rb5 33. Rb1
Rab8 34. Rxb5 Rxb5 35. Rb1 Ra5+ 36. Kb2 Rb5+ 37. Kc2 a5 38. Rxb5 cxb5 39. Nxd5
1-0